[Event "GER-ch U14"]
[Site "Willingen"]
[Date "2024.05.24"]
[Round "8"]
[White "Kessler, Leo"]
[Black "Sasse, Conan"]
[Result "0-1"]
[WhiteElo "1640"]
[BlackElo "1816"]
[PlyCount "85"]
[EventDate "2024.05.19"]
[EventType "swiss"]
[EventRounds "9"]
[EventCountry "GER"]
[SourceTitle "CB27_2024"]
[SourceDate "2024.07.03"]
[SourceVersion "1"]
[SourceVersionDate "2024.07.03"]
[SourceQuality "1"]

1. e4 c5 2. Nf3 d6 3. c3 Nf6 4. h3 Nbd7 5. Bd3 g6 6. Bc2 Bg7 7. d4 cxd4 8. cxd4 0-0 9. 0-0 Qc7 10. Nc3 a6 11. Be3 b5 12. Rc1 Bb7 13. d5 Rac8 14. Bd3 Nc5 15. b4 Nxd3 16. Qxd3 Qc4 17. Qb1 Nd7 18. Nd2 Qxc3 19. Rxc3 Bxc3 20. Nf3 Rc4 21. a3 Nf6 22. Bd2 Nxe4 23. Bxc3 Nxc3 24. Qd3 Bxd5 25. Nd2 Rc6 26. Nb1 Be4 27. Qe3 Bxb1 28. Qxe7 Bd3 29. Re1 Ne2+ 30. Rxe2 Bxe2 31. Qxe2 d5 32. Qe5 Rd8 33. Qe7 Rcd6 34. Qe3 d4 35. Qd3 Rc6 36. Kf1 Rc3 37. Qd2 d3 38. Qg5 Rd7 39. Qe3 Rcc7 40. Qd2 Rc2 41. Qe3 Re2 42. Qc1 Rde7 43. Qc8+ 0-1

[Event "GER-ch U14"]
[Site "Willingen"]
[Date "2024.05.19"]
[Round "2"]
[White "Kessler, Leo"]
[Black "Thuemler, Floris"]
[Result "0-1"]
[WhiteElo "1640"]
[BlackElo "1938"]
[PlyCount "62"]
[EventDate "2024.05.19"]
[EventType "swiss"]
[EventRounds "9"]
[EventCountry "GER"]
[SourceTitle "CB27_2024"]
[SourceDate "2024.07.03"]
[SourceVersion "1"]
[SourceVersionDate "2024.07.03"]
[SourceQuality "1"]

1. e4 e5 2. Nf3 Nc6 3. Bc4 Nf6 4. Nc3 Nxe4 5. Bxf7+ Kxf7 6. Nxe4 Be7 7. d4 exd4 8. Nfg5+ Kg8 9. Qf3 Ne5 10. Qb3+ d5 11. Bf4 Ng6 12. Bxc7 Qd7 13. 0-0 h6 14. Nf3 Kh7 15. Ng3 Qxc7 16. Nxd4 Rd8 17. c3 Bf6 18. Nde2 d4 19. cxd4 Bxd4 20. Rac1 Qb6 21. Nxd4 Rxd4 22. Qc2 Bd7 23. Kh1 Rc8 24. Qb1 Rf8 25. a3 Rd2 26. f3 Rxb2 27. Qe4 Re8 28. Qc4 Bb5 29. Qf7 Re7 30. Qd5 Bxf1 31. Rc8 Bxg2# 0-1